000 00206nam a22000857a 4500
008 161207b xxu||||| |||| 00| 0 eng d
100 _91943
_aSiddiqi.N.
245 _aMy Evs Book
260 _aNew Delhi
_bN.P.
_c2011
999 _c4723
_d4723